00481nam a2200145Ia 4500008004100000041000800041082001500049100001900064245004400083250001400127260003900141300003300180999001700213952010500230240624s9999 xx 000 0 und d aeng a302.35 JON aJONES GARETH R aORGANIZATIONAL THEORY DESIGN AND CHANGE a(5th ed.) c2009aNew DelhibPearson Education axxiii, : 552 : p. : cm. ; 28 c20401d20401 00104070aIMTNbIMTNcRack 6-Ad2012-12-03o302.35 JONp20401r2024-06-24 00:00:00w2024-06-24yBK